The 'IS' Quiz Stats

 Plays Quiz Updated Jun 2, 2016

Also try: New 'New's
Challenge
Share
Tweet
Embed
Score 0/32 Timer 05:00
1 Play Today
'Is' Title Missing % Correct
A Star Is ___Born
96.2%
All You Need Is ___Love
94.4%
Whose Line Is It ___?Anyway
92.7%
Breaking Up Is Hard to ___Do
91.7%
The Price Is ___Right
89.8%
A Good Man Is Hard to ___Find
87.9%
That Was Then, This Is ___Now
87.4%
This Is ___ TapSpinal
86.1%
The World Is ___ EnoughNot
81.8%
My Name Is ___Earl
81.6%
Love Is a Many-Splendored ___Thing
81.1%
My Stepmother Is an ___Alien
74.1%
The Queen Is ___Dead
71.6%
Eight Is ___Enough
68.5%
Tender Is the ___Night
64.5%
Love is a ___Battlefield
62.7%
'Is' Title Missing % Correct
Life Is ___Beautiful
57.9%
Tell Them Willie Boy Is ___Here
53.6%
All I Have to Do Is ___Dream
46.2%
The Heart Is a Lonely ___Hunter
43.9%
My Aim Is ___True
41.4%
The Moon Is a Harsh ___Mistress
36.1%
Love Is the ___Drug
27.8%
Where Is My ___?Mind
22.5%
Hell Is for ___Heroes
21.7%
My Name is Asher ___Lev
19.2%
Jo Jo Dancer, Your Life Is ___Calling
17.8%
The Corn Is ___Green
15.7%
This Is Radio ___Clash
13.7%
Modern Life Is ___Rubbish
8.1%
The World Is a ___Ghetto
6.2%
Death Is a Lonely ___Business
4%

You're not logged in!

Compare scores with friends on all Sporcle quizzes.
OR
Log In

You Might Also Like...

Show Comments

Extras

Top Quizzes Today


Score Distribution

Your Account Isn't Verified!

In order to create a playlist on Sporcle, you need to verify the email address you used during registration. Go to your Sporcle Settings to finish the process.

Report this User

Report this user for behavior that violates our Community Guidelines.

Details: